=LDR 00000nam 2200000 4500 =001 INLIS000000000030890 =990 ##$$a 90346/BPAP-NTB/2014 =005 20230511124907 =990 ##$$a 21400613/BPAP-NTB/20142014 =035 ##$$a 0010-061300000030890 =990 ##$$a 0001/BPAP-NTB/2015 =008 230511###########################0#ind## =990 ##$$a 0001/BPAP-NTB/2016 =041 ##$$a ind =082 ##$$a 398.2 =090 ##$$a 398.2, Fun d =100 ##$$a Funke, Cornelia =245 1#$$a Drachenreiter : $b Sang Penunggang Naga /$c Cornelia Funke; Alih bahasa Hendrato setiadi; editor, Dini Pandia =260 ##$$a Jakarta :$b Gramedia Pustaka Utama,$c 2009 =300 ##$$a 416 hlm : $b ilus ; $c 23 cm =650 #4$$a LEGENDA =850 ##$$a NBPNMAT =020 ##$$a 979-22-4480-8 =084 ##$$a 398.2 FUN d =990 ##$$a 90346/BPAP-NTB/2014 =990 ##$$a 21400613/BPAP-NTB/20142014 =990 ##$$a 0001/BPAP-NTB/2015 =990 ##$$a 0001/BPAP-NTB/2016